Sociología dialéctica de la literatura: cuestión de método /
Furkejuvvon:
| Váldodahkki: | |
|---|---|
| Materiálatiipa: | Texto |
| Fáttát: | |
| Fáddágilkorat: |
Lasit fáddágilkoriid
Eai fáddágilkorat, Lasit vuosttaš fáddágilkora!
|
MARC
| LEADER | 00000 a a2200000 04500 | ||
|---|---|---|---|
| 001 | 14527 | ||
| 003 | |||
| 040 | |||
| 100 | |a Alfaro Vargas, Roy | ||
| 245 | |a Sociología dialéctica de la literatura: |b cuestión de método / |c Roy Alfaro Vargas | ||
| 650 | |a LITERATURA | ||
| 650 | |a SOCIOLOGIA | ||
| 773 | |g número 109 (III) - 110 (; páginas 151-156 | ||
| 999 | |c 32773 |d 32773 | ||
